Enfermedades de los lanares : tomo ii :
Guardado en:
| Autor Principal: | |
|---|---|
| Otros Autores: | , |
| Formato: | Libro |
| Publicado: |
Montevideo :
Hemisferio Sur, s/f
|
| Series: | Colección de textos de agronomia y veterinaria
|
| Materias: | |
| Etiquetas: |
Agregar Etiqueta
Sin Etiquetas, Sea el primero en etiquetar este registro!
|
| LEADER | 01863nam a22002655a 4500 | ||
|---|---|---|---|
| 001 | CEM.cems017572 | ||
| 005 | 20110517092323.0 | ||
| 008 | 130507b######################000#0#####d | ||
| 003 | CEMS | ||
| 082 | 0 | 4 | |a 636.389 |
| 100 | 1 | |a Bonino Morlán, J. | |
| 245 | 1 | 0 | |a Enfermedades de los lanares : |b tomo ii : |c Dirigido Por J. Bonino Morlán, A. Durán Del Campo y J. J: Mari |
| 260 | |a Montevideo : |b Hemisferio Sur, s/f | ||
| 300 | |a 323 p. | ||
| 490 | 0 | |a Colección de textos de agronomia y veterinaria | |
| 505 | 0 | |a Enfermedades causadas por bacterias -- Carbunco bacteridiano / A. de Freitas -- Enfermedades producidas por el género Clostridium / A. de Freitas -- Mastitis / J. Bonino Morlán y M. Echeguía -- Erisipela / J. Bonino Morlán -- Necrobacilosis del hígado de los corderos / J. Bonino Morlán -- Melioidosis / J. Bonino Morlán -- Dermatitis micótica / B. Herrera -- Linfoadenitis caseosa de los ovinos / M. Piquet y J. Bermúdez -- Leptospirosis / R. C. Méndez Algorta -- Tuberculosis / M. C. Filippini -- Paratuberculosis / G. Muñoz -- Actinobacilosis / J. Bonino Morlán -- Pasteurelosis / L. Clivio -- Podredumbre del vellón / Fleece-rot I. Sienra -- Colibacilosis / J. Bonino Morlán -- Enfermedades causadas por virus -- Fiebre aftosa / L. E. Días -- Enfermedades causadas por hongos -- Enfermedades causadas pro micoplasmas, clamidias y reckettsias --- Enfermedades del aparato locomotor -- Enfermedades causadas por trastornos metabólicos -- Enfermedades del aparato urinario | |
| 653 | |a Lanares-enfermedades | ||
| 653 | |a Lanares-enfermedades infecciosas | ||
| 653 | |a Lanares-enfermedades no transmisibles | ||
| 653 | |a Ovinos | ||
| 653 | |a Ovinos-enfermedades | ||
| 653 | |a Ovejas-enfermedades | ||
| 700 | 1 | |a Durán del Campo, A. | |
| 700 | 1 | |a Mari, J.j. | |
| 859 | |a CEMS |b BIB. CEMS - Agricultura |h 636.389 |i B641 |p A1374.11 |t Ej.1 |v II |3 II | ||
